Pays qui consomment le plus de cannabis - Statistiques

Statistiques générales
  • Ce quiz a été pris 1 094 fois
  • Le résultat moyen est 10 sur 20
Statistiques - réponses
% par hab Pays % Correct
51,6% Etats-unis
97%
30,6% France
97%
28,6% Espagne
90%
44,5% Canada
84%
22,6% Pays bas
83%
24,5% Allemagne
80%
29,3% Italie
78%
29,6% Royaume uni
74%
33,5% Australie
47%
16,2% Norvège
37%
20,1% Autriche
34%
36,5% Danemark
33%
12,9% Finlande
30%
41,9% Nouvelle Zélande
27%
12,9% Luxembourg
23%
20,6% République Tchèque
20%
31,5% Chili
13%
15,6% Slovaquie
12%
17,4% Philippines
4%
21,5% Ghana
1%
Aucun quiz correspondant
Distribution des résultats
% des personnes avec chaque résultat
Percentile par nombre de réponses
Votre historique - résultats
Vous n’avez pas pris ce quiz